000 00607nam a22001817a 4500
008 170310b xxu||||| |||| 00| 0 eng d
020 _a9712301117
082 _21979
_aDFil 499.211
_bSa5
100 _919329
_aSantiago, Alfonso O.
245 _aPanimulang linggwistika/
_cAlfonso O. Santiago.
250 _a1979 edition
260 _aQuezon City:
_bRex Book Store,
_cc1979.
300 _aiii, 177 pages:
_billustrations;
_c22 cm.
500 _aIncludes bibliographical references.
650 0 _919330
_aLinguistics (Filipino)
650 0 _919331
_aFilipino language
_xStudy and teaching.
942 _2ddc
_cDFIL
999 _c6401
_d6401